000 00569nam a2200181Ia 4500
003 GCL
008 140319s9999 xx 000 0 ara d
040 _aGCL /
_cGCL
082 0 4 _a322.44
_bه د
100 1 _aهالة مصطفى
245 1 0 _aالدولة والحركات الاسلامية والمعارضة بين المهادنة والمواجهة /
_cهالة مصطفى
300 _a441 ص
490 _aكتاب المحروسة
_v0
650 0 4 _aالسياسة
650 0 4 _aالدولة
650 0 4 _aالاخوان المسلمون
942 _2ddc
_cBK
999 _c43622
_d43622